|
|
|
|
| LEADER |
00631nab a2200181 i 4500 |
| 001 |
acta27840 |
| 005 |
20210222155647.0 |
| 008 |
161017s1992 hu o 0|| hun d |
| 022 |
|
|
|a 1219-0039
|
| 040 |
|
|
|a SZTE Egyetemi Kiadványok Repozitórium
|b hun
|
| 041 |
|
|
|a hun
|
| 100 |
1 |
|
|a Fodor Éva
|
| 245 |
1 |
0 |
|a Egy lehetséges módszer az általános iskolai anyanyelvtanításban
|h [elektronikus dokumentum] /
|c Fodor Éva
|
| 260 |
|
|
|c 1992
|
| 300 |
|
|
|a 219-222
|
| 490 |
0 |
|
|a Módszertani közlemények
|v 32 No. 4
|
| 695 |
|
|
|a Neveléstudomány
|
| 856 |
4 |
0 |
|u http://acta.bibl.u-szeged.hu/27840/1/modszertani_032_004_219-222.pdf
|z Dokumentum-elérés
|